|
|
|
|
| LEADER |
00000naa2a2200000 4500 |
| 001 |
151956 |
| 005 |
20231031150900.0 |
| 035 |
|
|
|a (RuTPU)RU\TPU\book\164779
|
| 035 |
|
|
|a RU\TPU\tpu\13965
|
| 090 |
|
|
|a 151956
|
| 100 |
|
|
|a 20090128d1973 k y0rusy50 ca
|
| 101 |
0 |
|
|a rus
|
| 102 |
|
|
|a RU
|
| 200 |
1 |
|
|a О вторичном обогащении золоторудных месторождений
|f В. К. Черепнин, А. Д. Миков, А. П. Грибанов
|
| 463 |
|
0 |
|0 (RuTPU)RU\TPU\book\139279
|t Геология
|o материалы конференции, посвященные 75-летию института
|f Томский политехнический институт ; под ред. А. В. Аксарина
|v С. 135-136
|d 1973
|p 232 с.
|
| 610 |
1 |
|
|a труды учёных ТПУ
|
| 700 |
|
1 |
|a Черепнин
|b В. К.
|c российский геолог
|c профессор Томского политехнического института
|f 1916-1985
|g Владимир Константинович
|2 stltpush
|3 (RuTPU)RU\TPU\pers\19885
|
| 701 |
|
1 |
|a Миков
|b А. Д.
|
| 701 |
|
1 |
|a Грибанов
|b А. П.
|
| 801 |
|
1 |
|a RU
|b 63413507
|c 20080215
|g PSBO
|
| 801 |
|
2 |
|a RU
|b 63413507
|c 20110328
|g PSBO
|
| 942 |
|
|
|c BK
|